000 00604nam a22002297a 4500
008 130514b xxu||||| |||| 00| 0 eng d
020 _a 81-85617-67-8
024 _cavailable
037 _cavailable
082 _222
_a423 SPN
100 _aSpears, Richard A
245 _aNTCS Dictionary Phrasel Verbs
250 _a
260 _aUSA
_bNTCS Publishing Group
_c1998
300 _a13 cm
_b873 page
_f7
_g13 cm
600 _aDictionaries
700 _aSpears, Richard A
270 _aNew York
_bNew York
_dUSA
365 _b225.00
_d225.00
942 _2ddc
_cBK
999 _c379
_d379